Hijos del Sur : | Testimonios de hijos de detenidos-desaparecidos (Registro nro. 453)
[ vista simple ]
| 000 -CABECERA | |
|---|---|
| fixed length control field | 00715nam a2200253Ia 4500 |
| 003 - CONTROL NUMBER IDENTIFIER | |
| control field | AR-BeUNQ |
| 005 - FECHA Y HORA DE LA ULTIMA TRANSACCION | |
| control field | 20241125155413.0 |
| 008 - ELEMENTOS DE LONGITUD FIJA-INFORMACION GENERAL | |
| fixed length control field | 221202s9999 xx 000 0 und d |
| 020 ## - NUMERO INTERNACIONAL NORMALIZADO PARA LIBROS | |
| Número Internacional Normalizado del libro | 9789875582941 |
| 040 ## - FUENTE DE CATALOGACION | |
| Agencia de catalogación original | AR-BeUNQ |
| Idioma de catalogación | ESPAÑOL |
| Convenciones de la descripción | aacr |
| Agencia que realiza la transcripción | AR-BeUNQ |
| 082 ## - NUMERO DE CLASIFICACION DECIMAL DEWEYMBER | |
| Número de la edición | 21 |
| Número de clasificación | 310 |
| 100 ## - ASIENTO PRINCIPAL-NOMBRE PERSONAL | |
| Nombre personal | Ciollaro, Noemi |
| Fecha asociada al nombre | 2000 |
| Títulos u otras palabras asociadas al nombre | aut |
| 245 #0 - MENCION DE TITULO | |
| Título | Hijos del Sur : |
| Otra información sobre el título | Testimonios de hijos de detenidos-desaparecidos |
| 250 ## - MENCION DE EDICION | |
| Mención de edición | 1a ed. |
| 260 ## - PUBLICACION, DISTRIBUCION, ETC. | |
| Lugar de publicación, distribución, etc. | Bernal : |
| Nombre del editor, distribuidor, etc. | UNQ, |
| Fecha de publicación, distribución, etc | 2014 |
| 300 ## - DESCRIPCION FISICA | |
| Extensión | 112 p. ; |
| Dimensiones | 23 x 15 cm |
| 500 ## - NOTA GENERAL | |
| Nota general | DDHH. |
| 546 ## - NOTA DE IDIOMA | |
| Nota de idioma | Español |
| 650 ## - ASIENTO SECUNDARIO DE MATERIA - TERMINO TEMATICO | |
| Fuente del encabezamiento o términ | spines |
| Término temático o nombre geográfico como elemento de entrada | Derchos Humanos |
| 651 ## - ASIENTO SECUNDARIO DE MATERIA - NOMBRE GEOGRAFICO | |
| Fuente del encabezamiento o término | unescot |
| Nombre geográfico | Argentina |
| 653 ## - TERMINO DE INDIZACION - NO CONTROLADO | |
| Término de indización no controlado | Narrativa testimonial |
| 929 ## - DATOS DE ADQUISICION | |
| Proveedor | UNQ |
| Fecha de recibido | 2019 |
| Procedencia | DONACION |
| Patrimonio UNQ | PAT0081502 |
| Número de inventario | 58922 |
| 942 ## - ELEMENTOS DE PUNTO DE ACCESO ADICIONAL (KOHA) | |
| Tipo de ítem Koha | Libros |
| Suppress in OPAC | 0 |
| Estado de retiro | Estado de pérdida | Ubicación permanente | Ubicación actual | Fecha de ingreso | Signatura topográfica completa | Inventario | Date last seen | Tipo de ítem Koha | Ubicación en estantería | Número de copia | Operador |
|---|---|---|---|---|---|---|---|---|---|---|---|
| Biblioteca ESET - UNQ | Biblioteca ESET - UNQ | 02/12/2022 | 310 CIO | 58922 | 02/12/2022 | Libros | |||||
| Biblioteca ESET - UNQ | Biblioteca ESET - UNQ | 12/06/2014 | 310 CIO | 58035 | 25/11/2024 | Libros | CIRCULACION | 2 | Gladys Alarcon | ||
| Biblioteca ESET - UNQ | Biblioteca ESET - UNQ | 12/06/2014 | 310 CIO | 59474 | 25/11/2024 | Libros | CIRCULACION | 3 | Gladys Alarcon | ||
| Biblioteca ESET - UNQ | Biblioteca ESET - UNQ | 12/06/2014 | 310 CIO | 59475 | 25/11/2024 | Libros | CIRCULACION | Gladys Alarcon | |||
| Biblioteca ESET - UNQ | Biblioteca ESET - UNQ | 12/06/2014 | 310 CIO | 59476 | 25/11/2024 | Libros | CIRCULACION | Gladys Alarcon | |||
| Biblioteca ESET - UNQ | Biblioteca ESET - UNQ | 12/06/2014 | 310 CIO | 59477 | 25/11/2024 | Libros | CIRCULACION | Gladys Alarcon | |||
| Biblioteca ESET - UNQ | Biblioteca ESET - UNQ | 12/06/2014 | 310 CIO | 59478 | 25/11/2024 | Libros | CIRCULACION | Gladys Alarcon | |||
| Biblioteca ESET - UNQ | Biblioteca ESET - UNQ | 12/06/2014 | 310 CIO | 59479 | 25/11/2024 | Libros | CIRCULACION | Gladys Alarcon |